|
|
|
|
| LEADER |
01074nam a2200301 a 4500 |
| 001 |
c000412386 |
| 003 |
CARM |
| 005 |
00000000000000.0 |
| 008 |
861119r19871982nyub b 00100 eng |
| 010 |
|
|
|a 86040461 //r95
|
| 019 |
1 |
|
|a 4956141
|
| 020 |
|
|
|a 0394753089
|
| 040 |
|
|
|a VDU
|c VDU
|
| 043 |
|
|
|a fb-----
|
| 050 |
0 |
0 |
|a DT352.8
|b .L28 1987
|
| 082 |
0 |
4 |
|a 967
|2 19
|
| 100 |
1 |
|
|a Lamb, David,
|d 1940-
|
| 245 |
1 |
4 |
|a The Africans /
|c David Lamb.
|
| 250 |
|
|
|a With a new preface and epilogue, Vintage Books ed.
|
| 260 |
|
|
|a New York :
|b Vintage Books,
|c 1987.
|
| 300 |
|
|
|a xv, 371 p. :
|b map ;
|c 21 cm.
|
| 500 |
|
|
|a Reprint. Originally published: New York : Random House, c1982. With new preface and epilogue.
|
| 500 |
|
|
|a Includes index.
|
| 504 |
|
|
|a Bibliography: p. [357]-359.
|
| 651 |
|
0 |
|a Africa, Sub-Saharan
|x History
|y 1960-
|
| 852 |
8 |
|
|b CARM
|h A3:AF29B0
|i B11946
|p 0567581
|f BK
|
| 999 |
f |
f |
|i 06813135-974d-5aa1-a7ff-47bdc99d3a10
|s df696b89-29bf-52e8-9d36-3fd1bed3ced7
|
| 952 |
f |
f |
|p Can circulate
|a CAVAL
|b CAVAL
|c CAVAL
|d CARM 1 Store
|e B11946
|f A3:AF29B0
|h Other scheme
|i book
|m 0567581
|